| 000 | 00481nam a22001937a 4500 | ||
|---|---|---|---|
| 003 | LK-CoMWRAF | ||
| 005 | 20231122152944.0 | ||
| 008 | 231122b |||||||| |||| 00| 0 eng d | ||
| 020 | _a0517606062 | ||
| 040 |
_aLK-CoMWRAF _dLK-CoMWRAF _eLK-CoMWRAF |
||
| 041 | _aeng | ||
| 082 |
_a823 _bHAW |
||
| 100 | _aHawthorne, Nathaniel | ||
| 245 | _aThe Scarlet letter | ||
| 260 |
_aLondon : _bOxford University press _c1903 |
||
| 300 | _a258p | ||
| 650 | _aEnglish Fiction | ||
| 942 | _cBK | ||
| 999 |
_c4221 _d4221 |
||